| 000 | 01106cam a22003497a 4500 | ||
|---|---|---|---|
| 003 | CHAP | ||
| 005 | 20220817044254.0 | ||
| 008 | 090608s2009 it rn 00010 eng d | ||
| 010 | _a96331 | ||
| 011 | _a97303 | ||
| 020 | _a9789251061862 | ||
| 035 | _a107967 | ||
| 040 | _cCHAP | ||
| 082 |
_a639.2 _bF41 v.12 |
||
| 110 | 2 | _aFAO | |
| 245 | 1 | 0 |
_aInformation and knowledge sharing _c/by FAO |
| 260 |
_aRome : _bFAO, _c2009 |
||
| 300 | _a97 p. | ||
| 490 | 0 |
_aFAO. Orientaciones técnicas para la pesca responsable _v; 12 |
|
| 590 |
_aBATCH-UPD _b10 _c20130110 _lUCH01 _h1055 |
||
| 590 |
_aBATCH-UPD _b10 _c20130410 _lUCH01 _h0651 |
||
| 590 |
_aBATCH-UPD _b10 _c20130914 _lUCH01 _h1033 |
||
| 590 |
_aCONVERSION _b10 _c20130109 _lUCH01 _h1353 |
||
| 650 | 1 | 4 |
_aConocimiento, Teoría del. _927232 |
| 650 | 1 | 4 |
_aInformación. _958076 |
| 650 | 1 | 4 | _aPesca. |
| 650 | 1 | 4 |
_aSistema de información. _9106707 |
| 830 | 0 |
_aFAO. Orientaciones técnicas para la pesca responsable _v; 12 _939642 |
|
| 901 | _aBK | ||
| 942 | _cLIBRO | ||
| 949 |
_a639.2 F41 v.12 _bBC _cFAO _d33724002097322 _eFAO1 _gDonaciØn _h110600 _i107967 _st |
||
| 999 |
_c96331 _d96331 |
||